Library Banner

Issues in marxist philosophy / (Record no. 100887)

MARC details
000 -LEADER
fixed length control field 00401nam a22001457a 4500
005 - DATE AND TIME OF LATEST TRANSACTION
control field 20171219134112.0
008 - FIXED-LENGTH DATA ELEMENTS--GENERAL INFORMATION
fixed length control field 171219b xxu||||| |||| 00| 0 eng d
020 ## - INTERNATIONAL STANDARD BOOK NUMBER
International Standard Book Number 0391010182
040 ## - CATALOGING SOURCE
Transcribing agency PK-LaUMT
082 ## - DEWEY DECIMAL CLASSIFICATION NUMBER
Classification number PKAC 146.3
Item number ISS-
245 ## - TITLE STATEMENT
Title Issues in marxist philosophy /
Statement of responsibility, etc John Mepham and D.H. Ruben(Eidtor)
260 ## - PUBLICATION, DISTRIBUTION, ETC. (IMPRINT)
Place of publication, distribution, etc New Delhi:
Name of publisher, distributor, etc Humanities press,
Date of publication, distribution, etc 1979
300 ## - PHYSICAL DESCRIPTION
Extent 170 p.
942 ## - ADDED ENTRY ELEMENTS (KOHA)
Koha item type Books
Holdings
Withdrawn status Lost status Damaged status Home library Current library Date acquired Full call number Barcode Date last seen Price effective from Koha item type
      UMT Main Campus UMT Main Campus 2017-12-19 PKAC 146.3 ISS- 116689 2017-12-19 2017-12-19 Books